• 首页
  • 本馆介绍
  • 公告通知
  • 最新文献
  • 馆藏检索
  • 电子资源
  • 读者荐购
  • 参考咨询
  • CALIS
  • 我的图书馆
  • 登录
  • 详细信息显示
  • 放入我的书架
  • 预约/预借图书
  • 作者相关作品
  • 分类相关作品
  • 丛书相关作品
  • 出版社相关作品

书目信息

  • 表格格式
  • 工作单格式
  • 卡片格式
题名:
概率论与数理统计
    
 
作者: 韩明 主编
分册:  
出版信息: 上海   同济大学出版社  2007.07
页数: 217页
开本: 23cm
丛书名:
单 册:
中图分类: O21
科图分类:
主题词: 概率论--gai lu lun--高等学校--教材 , 数理统计--shu li tong ji--高等学校--教材
电子资源:
ISBN: 978-7-5608-3528-0
 
 
 
 
 
000 00919nam0 2200265 450
001 012007898966
005 20071108162227.57
010    @a978-7-5608-3528-0@dCNY21.50
100    @a20071108d2007 km y0chiy0120 ea
101 0  @achi
102    @aCN@b310000
105    @aa a 000yy
106    @ar
200 1  @a概率论与数理统计@Agai lu lun yu shu li tong ji@f韩明主编@Fhan ming zhu bian
210    @a上海@c同济大学出版社@d2007.07
215    @a217页@c图@d23cm
300    @a面向21世纪普通高等教育规划教材
320    @a有书目 (第217页)。
330    @a本书共分9章,前5章是概率论部分,内容包括随机事件与概率、随机变量及其分布、多维随机变量及分布、随机变量的数字特征、大数定律及中心极限定理。
606 0  @a概率论@Agai lu lun@x高等学校@j教材
606 0  @a数理统计@Ashu li tong ji@x高等学校@j教材
690    @aO21@v4
701  0 @a韩明@Ahan ming@4主编
801  0 @aCN@b@c20071108
905    @b266734-36@dO21@eH082@f3
    
    概率论与数理统计/韩明主编.-上海:同济大学出版社,2007.07
    217页:图;23cm
    面向21世纪普通高等教育规划教材
    
    ISBN 978-7-5608-3528-0:CNY21.50
    本书共分9章,前5章是概率论部分,内容包括随机事件与概率、随机变量及其分布、多维随机变量及分布、随机变量的数字特征、大数定律及中心极限定理。
●
相关链接 在E读中查询图书 在当当中查询图书 在豆瓣中查询图书


正题名:概率论与数理统计     索取号:O21/H082         预约/预借

序号 登录号 条形码 馆藏地/架位号 状态 备注
1 266734   202667346   自科库401/401自科库 46排3列1层/ [索取号:O21/H082] 在馆    
2 266735   202667355   自科库401/401自科库 46排3列1层/ [索取号:O21/H082] 在馆    
3 266736   202667364   自科库401/401自科库 46排3列1层/ [索取号:O21/H082] 在馆    
河南城建学院图书馆 欢迎您!
大连网信软件有限公司© 版权所有